[Event "Bundesliga 9495"]
[Site "Germany"]
[Date "1995.??.??"]
[Round "?"]
[White "Enders, Peter"]
[Black "Ftacnik, Lubomir"]
[Result "1/2-1/2"]
[WhiteElo "2480"]
[BlackElo "2605"]
[PlyCount "117"]
[EventDate "1994.10.??"]
[Source "ChessBase"]
[SourceDate "1999.07.01"]

1. e4 c5 2. Nf3 d6 3. d4 cxd4 4. Nxd4 Nf6 5. Nc3 a6 6. Bg5 e6 7. f4 Be7 8. Qf3 Qc7 9. O-O-O Nbd7 10. g4 b5 11. Bxf6 Nxf6 12. g5 Nd7 13. f5 Bxg5+ 14. Kb1 Ne5 15. Qh5 Qd8 16. Rg1 Bf6 17. fxe6 g6 18. exf7+ Kxf7 19. Qe2 Rf8 20. Qe3 Ng4 21. Qh3 Kg8 22. Nd5 Nf2 23. Qb3 Kg7 24. Rd2 Nxe4 25. Rd1 Bxd4 26. Rxd4 Qg5 27. Qe3 Qxe3 28. Nxe3 Bb7 29. Bg2 Rae8 30. a4 Nc5 31. Nd1 Bxg2 32. Rxg2 Nxa4 33. Rxd6 Rd8 34. Rxd8 Rxd8 35. Ne3 Re8 36. Nd5 Nc5 37. c3 Re5 38. Nc7 Re7 39. Nd5 Rd7 40. Ne3 Rd3 41. Re2 Kf6 42. Kc2 Rd6 43. b4 Ne6 44. Rf2+ Kg5 45. Nf1 Kh4 46. Nd2 Ng5 47. c4 bxc4 48. Nxc4 Rd4 49. Kb3 Kh3 50. Ne5 Rd5 51. Nxg6 hxg6 52. Rf6 Re5 53. Rxg6 Ne6 54. Rh6+ Kg4 55. h4 Re1 56. Kc4 Nc7 57. Kc5 Ra1 58. Kc6 Nb5 59. Kb7 1/2-1/2

[Event "Vienna op"]
[Site "Vienna"]
[Date "1996.??.??"]
[Round "6"]
[White "Paehtz, Thomas Sr"]
[Black "Ftacnik, Lubomir"]
[Result "0-1"]
[WhiteElo "2475"]
[BlackElo "2610"]
[PlyCount "82"]
[EventDate "1996.08.??"]
[Source "ChessBase"]

1. e4 c5 2. Nf3 d6 3. d4 cxd4 4. Nxd4 Nf6 5. Nc3 a6 6. Bg5 e6 7. f4 Be7 8. Qf3 Qc7 9. O-O-O Nbd7 10. Bd3 h6 11. h4 Nb6 12. f5 e5 13. Bxf6 Bxf6 14. Nde2 Bd7 15. Nd5 Nxd5 16. exd5 e4 17. Qxe4+ Kd8 18. g4 Re8 19. Qg2 Qb6 20. c3 Qe3+ 21. Rd2 Bb5 22. Rh3 Qe7 23. Bxb5 axb5 24. a3 Bxh4 25. Kb1 Bg5 26. Rc2 Qc7 27. Rh1 Qc4 28. Rd1 Rxa3 29. Nc1 Ra4 30. Rd4 Qc5 31. Nd3 Qa7 32. Rxa4 Qxa4 33. Qg1 Qc4 34. Nb4 Kc7 35. Rg2 Bh4 36. Kc2 Qe4+ 37. Kb3 Qc4+ 38. Kc2 Qe4+ 39. Kb3 Ra8 40. Qh2 Bg5 41. Rg1 Re8 0-1

[Event "Wijk aan Zee"]
[Site "?"]
[Date "1986.??.??"]
[Round "?"]
[White "Ljubojevic, Lj"]
[Black "Hodgson, J."]
[Result "1/2-1/2"]
[WhiteElo "2605"]
[BlackElo "2480"]
[PlyCount "69"]
[EventDate "1986.??.??"]
[Source "ChessBase"]
[SourceDate "1986.01.01"]

1. e4 c5 2. Nf3 d6 3. d4 cxd4 4. Nxd4 Nf6 5. Nc3 a6 6. Bg5 e6 7. f4 Be7 8. Qf3 Qc7 9. O-O-O Nbd7 10. g4 b5 11. Bxf6 Nxf6 12. g5 Nd7 13. f5 Nc5 14. h4 b4 15. Nb1 Bb7 16. fxe6 fxe6 17. Nd2 e5 18. Nf5 O-O 19. Bc4+ Kh8 20. g6 Nxe4 21. Nxe4 hxg6 22. Be6 Rf6 23. Rhg1 Rxe6 24. Rxg6 Rxg6 25. Qh5+ Rh6 26. Qf7 Bd8 27. Nxh6 Qxf7 28. Nxf7+ Kg8 29. Nfxd6 Bxe4 30. Nxe4 Bxh4 31. Rd5 Bf6 32. Ra5 Kf7 33. a3 bxa3 34. Rxa3 Be7 35. Ra4 1/2-1/2

[Event "EU-ch 4th"]
[Site "?"]
[Date "2003.06.06"]
[Round "7"]
[White "Kupreichik Viktor D"]
[Black "Jaracz Pawel"]
[Result "1-0"]
[WhiteElo "2529"]
[BlackElo "2549"]
[PlyCount "73"]
[EventDate "2003.??.??"]
[Source "www.chesslib.no"]
[SourceDate "2004.05.04"]

1. e4 c5 2. Nf3 d6 3. d4 cxd4 4. Nxd4 Nf6 5. Nc3 a6 6. Bg5 Nbd7 7. f4 e6 8. Qf3 Qc7 9. O-O-O Be7 10. g4 h6 11. Bxf6 Bxf6 12. h4 Qb6 13. Nde2 Be7 14. g5 Nf8 15. Rg1 hxg5 16. hxg5 Ng6 17. Qg3 Rh5 18. Nd4 e5 19. Nd5 Qd8 20. Nxe7 Qxe7 21. f5 Nf8 22. Be2 Rh8 23. Nb3 Bd7 24. Na5 Bb5 25. Nc4 Bxc4 26. Bxc4 O-O-O 27. Qb3 Rd7 28. Rdf1 f6 29. g6 Rd8 30. Bd5 Qc7 31. Rg3 Kb8 32. Rc3 Qe7 33. Qb6 Rd7 34. Rb3 Kc8 35. Qa7 Rc7 36. Qa8+ Kd7 37. Be6+ 1-0

[Event "Camp. europeo a squadre 2007"]
[Site "Creta GRE"]
[Date "2007.11.06"]
[Round "9"]
[White "Carlsson, Pontus"]
[Black "Babula, Vlastimil"]
[Result "1/2-1/2"]
[WhiteElo "2481"]
[BlackElo "2596"]
[PlyCount "106"]
[EventDate "2007.10.28"]
[Source "www.chesslib.no"]
[SourceDate "2004.05.04"]

1. e4 c5 2. Nf3 d6 3. d4 cxd4 4. Nxd4 Nf6 5. Nc3 a6 6. Bg5 e6 7. f4 Be7 8. Qf3 Qc7 9. O-O-O Nbd7 10. g4 b5 11. Bxf6 Nxf6 12. g5 Nd7 13. f5 Nc5 14. f6 gxf6 15. gxf6 Bf8 16. Qh5 Rg8 17. Re1 Qa5 18. Bh3 Rg6 19. Kb1 Bd7 20. Nd5 b4 21. e5 b3 22. cxb3 Nd3 23. exd6 Kd8 24. Re3 Nb4 25. a3 Qxd5 26. Qd1 Nc6 27. Rd3 Nxd4 28. Rxd4 Qe5 29. Re1 Qxf6 30. Rf1 Qg7 31. Rdf4 f5 32. Re1 Qf6 33. Qd2 a5 34. Bg2 Ra6 35. Bb7 Ra7 36. Rc4 e5 37. Bc6 Qxd6 38. Qf2 Rc7 39. Bxd7 Qxd7 40. Rxc7 Qxc7 41. Qxf5 Bg7 42. h4 Qd7 43. Qc2 Ke8 44. h5 Rg5 45. Rd1 Qe6 46. Qc7 Bf6 47. Rd6 Qf5+ 48. Ka2 Be7 49. Qc6+ Kf8 50. Qa8+ Kf7 51. Qd5+ Kf8 52. Qa8+ Kf7 53. Qd5+ Kf8 1/2-1/2

[Event "US Masters op"]
[Site "Oak Bridge"]
[Date "2000.03.10"]
[Round "3"]
[White "Stripunsky, Alexander"]
[Black "Wojtkiewicz, Aleksander"]
[Result "0-1"]
[WhiteElo "2512"]
[BlackElo "2563"]
[PlyCount "170"]
[EventDate "2000.03.09"]
[Source "www.chesslib.no"]
[SourceDate "2004.05.04"]

1. e4 c5 2. Nf3 d6 3. d4 cxd4 4. Nxd4 Nf6 5. Nc3 a6 6. Bg5 e6 7. f4 h6 8. Bh4 Be7 9. Qf3 Qc7 10. O-O-O Nbd7 11. Bd3 g5 12. fxg5 Ne5 13. Qe2 Nfg4 14. h3 hxg5 15. hxg4 Rxh4 16. Nf3 Rxh1 17. Rxh1 Bf6 18. Nxe5 Bxe5 19. Rh7 Bd7 20. Qf2 Bc6 21. Ne2 Qe7 22. Nd4 Bd7 23. c3 Qf6 24. Qxf6 Bxf6 25. Nf3 Ke7 26. Kd2 Rc8 27. Rh5 Rc5 28. a3 Kf8 29. Rh1 Kg7 30. Ke3 Rc8 31. Rh5 Rc5 32. Rh1 Bd8 33. Ke2 Be7 34. Ke3 b5 35. Be2 Rc8 36. Rh5 f6 37. Nd4 Bd8 38. Bd3 Bb6 39. Kd2 Bxd4 40. cxd4 e5 41. dxe5 dxe5 42. Be2 Bc6 43. Bd3 Rd8 44. Ke3 Bd7 45. Be2 Rc8 46. Kd2 a5 47. Rh1 b4 48. axb4 axb4 49. Ra1 Rc6 50. Ra7 Rd6+ 51. Ke3 Kf8 52. Rb7 Rd4 53. Rb6 Ke7 54. Bf3 Ba4 55. Ra6 Bc2 56. Ra7+ Ke6 57. Ra6+ Kf7 58. Ra7+ Kg6 59. Rc7 Rd3+ 60. Kf2 Bb1 61. Be2 Rb3 62. Bc4 Rxb2+ 63. Ke3 Rc2 64. Bf7+ Kh6 65. Rb7 Rc3+ 66. Kf2 Bxe4 67. Rxb4 Rc2+ 68. Ke3 Bxg2 69. Be6 Rc3+ 70. Kf2 Bc6 71. Bf5 Kg7 72. Rb6 Kf7 73. Ra6 e4 74. Ra7+ Kf8 75. Ke2 Rb3 76. Be6 Bb5+ 77. Ke1 Rb2 78. Rf7+ Ke8 79. Rb7 Rb1+ 80. Kd2 Bd3 81. Rxb1 Bxb1 82. Ke3 Ke7 83. Bc8 Kd6 84. Kd4 Bc2 85. Kc3 Ba4 0-1

[Event "Corr"]
[Site "?"]
[Date "2002.06.15"]
[Round "?"]
[White "Huuskonen Matti (FIN)"]
[Black "Hefka Vladimir (SVK)"]
[Result "0-1"]
[WhiteElo "2510"]
[BlackElo "2563"]
[PlyCount "128"]
[EventDate "2002.??.??"]
[Source "www.chesslib.no"]
[SourceDate "2004.05.04"]

1. e4 c5 2. Nf3 d6 3. d4 cxd4 4. Nxd4 Nf6 5. Nc3 a6 6. Bg5 e6 7. f4 Be7 8. Qf3 Qc7 9. O-O-O Nbd7 10. g4 b5 11. Bxf6 Nxf6 12. g5 Nd7 13. f5 Nc5 14. f6 gxf6 15. gxf6 Bf8 16. Rg1 h5 17. Rg7 b4 18. Nd5 exd5 19. exd5 Nd7 20. Nc6 Bb7 21. Re1+ Ne5 22. Nxe5 dxe5 23. Bh3 Qd6 24. Qf5 Kd8 25. Rxf7 Bc8 26. Qf1 Rb8 27. Bxc8 Rxc8 28. Kb1 Rc7 29. Rxc7 Kxc7 30. c4 Rh6 31. c5 Qxd5 32. Qxa6 Qc6 33. Qa5+ Kd7 34. Rd1+ Ke6 35. Qxb4 Rxf6 36. Qb3+ Ke7 37. a3 Bh6 38. h4 Bf8 39. Qb4 Kf7 40. Qb3+ Qe6 41. Qb7+ Be7 42. Rc1 Qc6 43. Qb3+ Re6 44. Qd1 Rh6 45. Qe2 e4 46. Rc4 Bxh4 47. Rxe4 Bf6 48. Qc4+ Kg7 49. Re6 Qg2 50. Re2 Qh1+ 51. Ka2 Qc6 52. Re6 Qb7 53. Re2 Qf7 54. Rg2+ Rg6 55. Rc2 Qxc4+ 56. Rxc4 Rg2 57. Kb3 Rxb2+ 58. Ka4 Rb8 59. c6 h4 60. Rc5 Kg6 61. Rc1 Be5 62. Rh1 Kg5 63. Rg1+ Bg3 64. Ka5 Kf5 0-1

[Event "Gausdal Int"]
[Site "Gausdal"]
[Date "1995.??.??"]
[Round "8"]
[White "Kotronias, Vasilios"]
[Black "Djurhuus, Rune"]
[Result "1-0"]
[WhiteElo "2570"]
[BlackElo "2495"]
[PlyCount "75"]
[EventDate "1995.08.??"]
[Source "ChessBase"]

1. e4 c5 2. Nf3 d6 3. d4 cxd4 4. Nxd4 Nf6 5. Nc3 a6 6. Bg5 e6 7. f4 Be7 8. Qf3 Qc7 9. O-O-O Nbd7 10. g4 b5 11. Bxf6 Nxf6 12. g5 Nd7 13. f5 Bxg5+ 14. Kb1 O-O 15. fxe6 Nb6 16. Nd5 Nxd5 17. exd5 Bf6 18. Bd3 Bxd4 19. Bxh7+ Kxh7 20. Rxd4 Kg8 21. Rh4 fxe6 22. Qh3 Rf5 23. Rh8+ Kf7 24. Rg1 Qc4 25. Rxg7+ Kf6 26. Rg1 Qf4 27. Rf8+ Ke5 28. Re1+ Kxd5 29. Qg2+ Kc5 30. Rxf5+ Qxf5 31. Qxa8 e5 32. h4 Kb6 33. Qb8+ Kc6 34. h5 Be6 35. Qe8+ Bd7 36. Qg6 Qf3 37. Qe4+ Qxe4 38. Rxe4 1-0

[Event "Bor"]
[Site "Bor"]
[Date "1986.??.??"]
[Round "5"]
[White "Velimirovic, Dragoljub"]
[Black "Ilincic, Zlatko"]
[Result "1-0"]
[WhiteElo "2575"]
[BlackElo "2490"]
[PlyCount "79"]
[EventDate "1986.10.??"]
[Source "www.chesslib.no"]
[SourceDate "2004.05.04"]

1. e4 c5 2. Nf3 d6 3. Nc3 Nf6 4. d4 cxd4 5. Nxd4 a6 6. Bg5 e6 7. f4 Be7 8. Qf3 Qc7 9. O-O-O Nbd7 10. Bd3 h6 11. Qh3 Nb6 12. f5 e5 13. Nb3 Bd7 14. Kb1 Bc6 15. Nd2 O-O-O 16. Bxf6 Bxf6 17. Nc4 d5 18. Nxb6+ Qxb6 19. Qh5 dxe4 20. Bxe4 Rd4 21. Qf3 Rhd8 22. Rd3 Qc5 23. Rhd1 Qc4 24. b3 Qc5 25. Bxc6 Qxc6 26. Rxd4 exd4 27. Qxc6+ bxc6 28. Ne4 Be5 29. g3 Rd5 30. h3 Kc7 31. g4 Bf4 32. c3 dxc3 33. Rxd5 cxd5 34. Nxc3 Kd6 35. Kc2 Ke5 36. b4 Be3 37. Kd3 Ba7 38. a4 h5 39. gxh5 Bb6 40. f6 1-0

[Event "SVE-chT 9798"]
[Site "Sweden"]
[Date "1998.??.??"]
[Round "7"]
[White "Astrom, Robert"]
[Black "Hellers, Ferdinand"]
[Result "1/2-1/2"]
[WhiteElo "2460"]
[BlackElo "2605"]
[PlyCount "71"]
[EventDate "1997.??.??"]
[Source "www.chesslib.no"]
[SourceDate "2004.05.04"]

1. e4 c5 2. Nf3 d6 3. d4 cxd4 4. Nxd4 Nf6 5. Nc3 a6 6. Bg5 e6 7. f4 Be7 8. Qf3 Qc7 9. O-O-O Nbd7 10. g4 b5 11. Bxf6 Nxf6 12. g5 Nd7 13. f5 Bxg5+ 14. Kb1 Ne5 15. Qh5 Qe7 16. Nxe6 Bxe6 17. fxe6 g6 18. exf7+ Kxf7 19. Qh3 Kg7 20. Nd5 Qd8 21. Qg3 Bh4 22. Qc3 Ra7 23. Qd4 Rf7 24. Nb4 Bf2 25. Qxd6 Qxd6 26. Rxd6 Bc5 27. Rd5 Rhf8 28. Be2 Bxb4 29. Rxe5 Rf2 30. Bd3 Bd6 31. Re6 R8f6 32. Rxf6 Kxf6 33. h3 h5 34. a4 bxa4 35. Bxa6 g5 36. Rf1 1/2-1/2

[Event "4th IECC"]
[Site "Istanbul"]
[Date "2003.06.10"]
[Round "10"]
[White "Kurnosov, Igor"]
[Black "Hulak, Krunoslav"]
[Result "0-1"]
[WhiteElo "2500"]
[BlackElo "2563"]
[PlyCount "92"]
[EventDate "2003.05.30"]
[Source "Roberto Alvarez"]
[SourceDate "2003.06.23"]

1. e4 c5 2. Nf3 d6 3. d4 cxd4 4. Nxd4 Nf6 5. Nc3 a6 6. Bg5 e6 7. f4 Be7 8. Qf3 Qc7 9. O-O-O Nbd7 10. Bd3 b5 11. Rhe1 Bb7 12. Qg3 g6 13. e5 dxe5 14. fxe5 Nh5 15. Qh4 Qd8 16. Ne4 Bxg5+ 17. Nxg5 Qe7 18. Qg4 Nc5 19. c3 Nxd3+ 20. Rxd3 Bd5 21. Ne4 O-O 22. Rh3 f5 23. exf6 Nxf6 24. Qh4 Rae8 25. Ng5 e5 26. Rhe3 Qc7 27. Ndf3 e4 28. Nd2 Bxa2 29. b3 Qd6 30. Kc2 Qa3 31. c4 bxc4 32. Nxc4 Rc8 33. Qh3 Bxb3+ 34. Rxb3 Rxc4+ 35. Kb1 Rb4 36. Qe6+ Kh8 37. Ree3 Ng4 38. Nf7+ Kg7 39. Rxb4 Qxb4+ 40. Rb3 Qe1+ 41. Ka2 Qf2+ 42. Ka3 Qc5+ 43. Ka2 Rxf7 44. Qxg4 Rf2+ 45. Rb2 Qc4+ 46. Ka3 Qc3+ 0-1

[Event "op 8th"]
[Site "Bad Zwesten"]
[Date "2004.01.07"]
[Round "8"]
[White "Luther, Thomas"]
[Black "Ginsburg, Gennadij"]
[Result "1-0"]
[WhiteElo "2580"]
[BlackElo "2483"]
[PlyCount "133"]
[EventDate "2004.01.??"]
[Source "Roberto Alvarez"]
[SourceDate "2004.03.29"]

1. e4 c5 2. Nf3 d6 3. d4 cxd4 4. Nxd4 Nf6 5. Nc3 a6 6. Bg5 e6 7. f4 Be7 8. Qf3 Qc7 9. O-O-O Nbd7 10. Bd3 h6 11. Bh4 g5 12. fxg5 Ne5 13. Qe2 Nfg4 14. Nf3 Nxf3 15. Qxf3 Ne5 16. Qh5 Ng6 17. Bg3 hxg5 18. Qf3 Bd7 19. Rd2 Ne5 20. Bxe5 dxe5 21. Rhd1 Rd8 22. Rf1 f6 23. g3 Kf7 24. Qg4 Rdg8 25. Qd1 Bc8 26. Be2 Rd8 27. h4 Kg7 28. Bd3 Rdf8 29. Qg4 Rh6 30. Rh2 Qb6 31. Nd1 Rg6 32. hxg5 f5 33. Qh5 Bxg5+ 34. Kb1 Bh6 35. Rfh1 Qd4 36. Qe2 f4 37. gxf4 Rxf4 38. a3 Bd7 39. Nc3 Be8 40. Nd1 Bc6 41. Nf2 Qd8 42. Ng4 Rfxg4 43. Rxh6 Rg1+ 44. Ka2 Rxh1 45. Rxh1 Qg5 46. Qe1 Qe7 47. Rh5 Qf6 48. Qa5 Rh6 49. Qc7+ Kg6 50. Rxe5 Rh7 51. Qd6 Rd7 52. Qc5 Bb5 53. Bxb5 axb5 54. Qg1+ Kf7 55. Rxb5 Qf4 56. Qe1 Rc7 57. Qd2 Kf6 58. Rb3 Ke7 59. Rh3 Qf7 60. Qh2 e5+ 61. b3 Qf4 62. Qg2 Rd7 63. Qg7+ Kd8 64. Qg8+ Kc7 65. Qc4+ Kd8 66. Rh8+ Ke7 67. Qb4+ 1-0

[Event "7th Amplico AIG Life"]
[Site "Warsaw POL"]
[Date "2007.12.15"]
[Round "7"]
[White "Tukhaev, A."]
[Black "Mista, A."]
[Result "1-0"]
[WhiteElo "2517"]
[BlackElo "2543"]
[PlyCount "45"]
[EventDate "2007.12.15"]
[Source "www.chesslib.no"]
[SourceDate "2004.05.04"]

1. e4 c5 2. Nf3 d6 3. d4 Nf6 4. Nc3 cxd4 5. Nxd4 a6 6. Bg5 e6 7. f4 Be7 8. Qf3 Qc7 9. O-O-O Nbd7 10. Bd3 b5 11. Rhe1 Bb7 12. Nd5 exd5 13. exd5 Kd8 14. Nc6+ Bxc6 15. dxc6 Nc5 16. Bf5 Ra7 17. Re2 Qb6 18. Rde1 Rc7 19. Rxe7 Qa5 20. Qd5 Ne6 21. R7xe6 fxe6 22. Rxe6 Re7 23. Qxd6+ 1-0

[Event "Pappier Memorial A"]
[Site "CAPA email"]
[Date "1998.??.??"]
[Round "?"]
[White "Diani, Jose Angel (ARG)"]
[Black "Kempen, Heinz Erich van (GE"]
[Result "1/2-1/2"]
[WhiteElo "2490"]
[BlackElo "2565"]
[PlyCount "94"]
[EventDate "1998.??.??"]
[Source "www.chesslib.no"]
[SourceDate "2004.05.04"]

1. e4 c5 2. Nf3 d6 3. d4 cxd4 4. Nxd4 Nf6 5. Nc3 a6 6. Bg5 e6 7. f4 Be7 8. Qf3 Qc7 9. O-O-O Nbd7 10. g4 b5 11. Bxf6 Nxf6 12. g5 Nd7 13. f5 Bxg5+ 14. Kb1 Ne5 15. Qh5 Qd8 16. h4 Bf6 17. fxe6 O-O 18. Bh3 Kh8 19. Nd5 fxe6 20. Bxe6 Nc4 21. Nc6 Qe8 22. Qxe8 Rxe8 23. Nxf6 gxf6 24. Bxc4 bxc4 25. Rxd6 Rxe4 26. Rd8+ Kg7 27. Rg1+ Kh6 28. a3 Bb7 29. Rd6 Rf8 30. Na5 Bc8 31. Rc6 c3 32. Rxc3 Rxh4 33. Rc6 Rh5 34. Nc4 Rg5 35. Rh1+ Rh5 36. Rxh5+ Kxh5 37. Nd6 Bg4 38. Ne4 f5 39. Nf6+ Kh4 40. Nxh7 Rh8 41. Nf6 Rh6 42. Rd6 Kg5 43. Ne8 Rh2 44. Rxa6 f4 45. Ra5+ Kg6 46. Ra6+ Kg5 47. Ra5+ Kg6 1/2-1/2

[Event "Graz"]
[Site "Graz"]
[Date "1984.??.??"]
[Round "?"]
[White "Sax, Gyula"]
[Black "Tatai, Stefano"]
[Result "1-0"]
[WhiteElo "2565"]
[BlackElo "2490"]
[PlyCount "55"]
[EventDate "1984.12.??"]
[Source "ChessBase"]

1. e4 c5 2. Nf3 d6 3. d4 cxd4 4. Nxd4 Nf6 5. Nc3 a6 6. Bg5 e6 7. f4 Be7 8. Qf3 Qc7 9. O-O-O Nbd7 10. Qg3 h6 11. Bh4 g5 12. fxg5 Nh5 13. Qe3 Qc5 14. Kb1 hxg5 15. Bf2 Ne5 16. Qd2 Qc7 17. Nf3 g4 18. Nxe5 dxe5 19. Be2 Nf6 20. h3 gxh3 21. Rxh3 Rxh3 22. gxh3 Bd7 23. Qh6 O-O-O 24. Bh4 Ng8 25. Qh5 Be8 26. Bg3 Bd6 27. Qg4 f5 28. Qxg8 1-0

[Event "New York Marshall CC"]
[Site "New York, NY USA"]
[Date "1992.??.??"]
[Round "12"]
[White "Shabalov, Alexander"]
[Black "Fedorowicz, John P"]
[Result "1-0"]
[WhiteElo "2525"]
[BlackElo "2530"]
[PlyCount "89"]
[EventDate "1992.??.??"]
[Source "www.chesslib.no"]
[SourceDate "2004.05.04"]

1. e4 c5 2. Nf3 d6 3. d4 cxd4 4. Nxd4 Nf6 5. Nc3 a6 6. Bg5 e6 7. f4 Be7 8. Qf3 Qc7 9. O-O-O Nbd7 10. Bxf6 Nxf6 11. g4 b5 12. g5 Nd7 13. f5 Bxg5+ 14. Kb1 Ne5 15. Qh5 Qd8 16. h4 Bf6 17. fxe6 O-O 18. Bh3 fxe6 19. Bxe6+ Kh8 20. Nd5 Ra7 21. Rdf1 g6 22. Qe2 Bg7 23. h5 Rxf1+ 24. Qxf1 Bxe6 25. Nxe6 Qe8 26. Nec7 Qf7 27. Qxf7 Nxf7 28. hxg6 Ng5 29. gxh7 Be5 30. c3 Nxh7 31. Kc2 Kg7 32. Ne6+ Kg6 33. Rg1+ Kf7 34. Nd8+ Kf8 35. Rf1+ Kg7 36. Nc6 Rd7 37. Nxe5 dxe5 38. Rf5 Kg6 39. Rxe5 Ng5 40. Nf4+ Kh6 41. Re8 Rf7 42. Nd3 Kg7 43. e5 Rf3 44. Ra8 Re3 45. Rxa6 1-0

[Event "Marcussi Memorial"]
[Site "?"]
[Date "1996.??.??"]
[Round "?"]
[White "Patrici Norberto Eugenio"]
[Black "Merilo Jaan"]
[Result "1-0"]
[WhiteElo "2510"]
[BlackElo "2545"]
[PlyCount "55"]
[EventDate "1996.??.??"]
[Source "www.chesslib.no"]
[SourceDate "2004.05.04"]

1. e4 c5 2. Nf3 d6 3. d4 cxd4 4. Nxd4 Nf6 5. Nc3 a6 6. Bg5 e6 7. f4 Be7 8. Qf3 h6 9. Bh4 Qc7 10. O-O-O Nbd7 11. Be2 Rb8 12. Qg3 Rg8 13. Rhf1 g5 14. fxg5 Ne5 15. g6 Rxg6 16. Qh3 Qc5 17. Kb1 Neg4 18. Nb3 Qc7 19. e5 Nxe5 20. Bxf6 Rxf6 21. Rxf6 Bxf6 22. Qxh6 Be7 23. Qh8+ Bf8 24. Bb5+ Bd7 25. Ne4 Ng6 26. Qg8 Ke7 27. Rf1 Be8 28. Bxe8 1-0

[Event "New York"]
[Site "?"]
[Date "1989.??.??"]
[Round "?"]
[White "Wolff, P."]
[Black "de Firmian, N."]
[Result "0-1"]
[WhiteElo "2485"]
[BlackElo "2570"]
[PlyCount "120"]
[EventDate "1989.??.??"]
[Source "ChessBase"]
[SourceDate "1989.01.01"]

1. e4 c5 2. Nf3 d6 3. d4 cxd4 4. Nxd4 Nf6 5. Nc3 a6 6. Bg5 e6 7. f4 Be7 8. Qf3 Qc7 9. O-O-O Nbd7 10. g4 b5 11. Bxf6 gxf6 12. f5 Ne5 13. Qh3 O-O 14. Rg1 Kh8 15. Nce2 Rg8 16. Rg3 Bd7 17. Nf4 Rac8 18. Kb1 Qb7 19. Bg2 Qb6 20. Qh4 Rc4 21. Rh3 Rg7 22. Nde2 Nxg4 23. Nh5 Rg8 24. Bf3 exf5 25. Rg1 Qe3 26. Nhg3 Rg7 27. Rf1 Qc5 28. Nh5 Rg6 29. Nef4 Rh6 30. Nd3 Qc8 31. Rg3 fxe4 32. Bxg4 exd3 33. Bxd7 dxc2+ 34. Kc1 Rxh4 35. Bxc8 R6xh5 36. Rfg1 Rg5 37. h3 Kg7 38. Bg4 h5 39. Bf3 Kg6 40. Kxc2 a5 41. Bb7 f5 42. Ba6 b4 43. Kb3 Rf4 44. Bd3 h4 45. Rxg5+ Bxg5 46. Ka4 Rd4 47. Bf1 Rd1 48. Kxa5 d5 49. Kxb4 d4 50. Rh1 Be3 51. a4 Rc1 52. Bg2 Bg1 53. a5 d3 54. Kb3 d2 55. Bf3 Kg5 56. a6 Kf4 57. Bh5 Kg3 58. Ka2 Bb6 59. Rd1 Rxd1 60. Bxd1 Kxh3 0-1

[Event "It (Men) La Roche Sur Yon FRA"]
[Site "?"]
[Date "2006.03.15"]
[Round "1"]
[White "Maze Sebastien"]
[Black "Dunis Aurelien"]
[Result "1/2-1/2"]
[WhiteElo "2518"]
[BlackElo "2534"]
[PlyCount "72"]
[EventDate "2006.??.??"]
[Source "www.chesslib.no"]
[SourceDate "2004.05.04"]

1. e4 c5 2. Nf3 d6 3. d4 cxd4 4. Nxd4 Nf6 5. Nc3 a6 6. Bg5 e6 7. f4 Be7 8. Qf3 Qc7 9. O-O-O Nbd7 10. Bd3 h6 11. Bh4 g5 12. fxg5 Ne5 13. Qe2 Nfg4 14. Nf3 hxg5 15. Bg3 Nxf3 16. gxf3 Ne5 17. Qe3 Bd7 18. Be2 O-O-O 19. Kb1 Bc6 20. Rhf1 Ng6 21. Rd3 Bf6 22. Rfd1 Nf4 23. Bxf4 gxf4 24. Qxf4 Be5 25. Qe3 Rxh2 26. f4 Bf6 27. e5 dxe5 28. Rxd8+ Bxd8 29. fxe5 Rh1 30. Rxh1 Bxh1 31. Bh5 Bc6 32. Qd4 Qb6 33. Ne2 Qxd4 34. Nxd4 Be8 35. Nxe6 fxe6 36. Bxe8 Bc7 1/2-1/2

[Event "URS-ch U26"]
[Site "Minsk"]
[Date "1990.??.??"]
[Round "?"]
[White "Epishin, Vladimir"]
[Black "Karpman, Vadim"]
[Result "1-0"]
[WhiteElo "2550"]
[BlackElo "2500"]
[PlyCount "75"]
[EventDate "1990.01.??"]
[Source "ChessBase"]

1. e4 c5 2. Nf3 d6 3. d4 cxd4 4. Nxd4 Nf6 5. Nc3 a6 6. Bg5 e6 7. f4 Be7 8. Qf3 Qc7 9. O-O-O Nbd7 10. Bxf6 Nxf6 11. g4 b5 12. g5 Nd7 13. f5 Bxg5+ 14. Kb1 Ne5 15. Qh5 Qd8 16. h4 Bf6 17. fxe6 O-O 18. Bh3 Ng6 19. exf7+ Rxf7 20. Be6 Bxe6 21. Nxe6 Qe8 22. Ng5 Bxg5 23. hxg5 Nf8 24. g6 Rf6 25. Nd5 Rxg6 26. Ne7+ Qxe7 27. Qd5+ Re6 28. Qxa8 g6 29. Rhf1 Kg7 30. Qxa6 b4 31. Qc4 Nd7 32. Qxb4 Nc5 33. Qd4+ Kg8 34. a4 h5 35. a5 h4 36. Rf3 g5 37. Ra3 Qb7 38. e5 1-0

[Event "Biel-B"]
[Site "Biel"]
[Date "1990.??.??"]
[Round "1"]
[White "Groszpeter, Attila"]
[Black "Gallagher, Joseph G"]
[Result "1/2-1/2"]
[WhiteElo "2555"]
[BlackElo "2495"]
[PlyCount "45"]
[EventDate "1990.07.??"]
[Source "ChessBase"]

1. e4 c5 2. Nf3 d6 3. d4 cxd4 4. Nxd4 Nf6 5. Nc3 a6 6. Bg5 e6 7. f4 Be7 8. Qf3 Qc7 9. O-O-O Nbd7 10. g4 b5 11. Bxf6 Nxf6 12. g5 Nd7 13. f5 Bxg5+ 14. Kb1 Ne5 15. Qh5 Qe7 16. Nxe6 Bxe6 17. fxe6 g6 18. exf7+ Kxf7 19. Qh3 Kg7 20. Nd5 Qd8 21. Qg3 Bh4 22. Qc3 Ra7 23. Qa3 1/2-1/2